Top 25 Doctor Who Companions with the Most Appearances - Statistics

General Stats
  • This quiz has been taken 717 times
    644 since last reset
  • The average score is 17 of 25
Answer Stats
# Stories Companion % Correct
3 23 Rose
99%
2 26 Amy
94%
19 11 Donna
93%
14 12 Martha
93%
1 31 Clara
91%
5 21 Sarah Jane
91%
6 20 Rory
87%
16 12 Bill
77%
18 11 Susan
70%
11 16 Ian
66%
12 15 Jo
63%
7 19 Tegan
63%
17 11 Adric
60%
10 16 Barbara
60%
4 21 Jamie
60%
20 11 Graham
58%
22 11 Yaz
58%
9 17 Romana
54%
21 11 Ryan
54%
8 18 K9
51%
13 12 Nyssa
51%
25 10 Peri
50%
15 12 Nardole
46%
23 10 Steven
34%
24 10 Turlough
32%
No matching quizzes found
Score Distribution
Percent of People with Each Score
Percentile by Number Answered
Your Score History
You have not taken this quiz since the last reset